<?xml version="1.0" encoding="UTF-8"?><marc:collection xmlns:marc="http://www.loc.gov/MARC21/slim">
  <marc:record>
    <marc:leader>00000nam##2200000za#4500</marc:leader>
    <marc:controlfield tag="001">9.602129</marc:controlfield>
    <marc:controlfield tag="003">CaOODSP</marc:controlfield>
    <marc:controlfield tag="005">20241210082325</marc:controlfield>
    <marc:controlfield tag="007">cr |||||||||||</marc:controlfield>
    <marc:controlfield tag="008">150406|1998||||xxc|||||o    f|0| 0 fre|d</marc:controlfield>
    <marc:datafield tag="022" ind1=" " ind2=" ">
      <marc:subfield code="a">1701-9419</marc:subfield>
    </marc:datafield>
    <marc:datafield tag="040" ind1=" " ind2=" ">
      <marc:subfield code="a">CaOODSP</marc:subfield>
      <marc:subfield code="b">fre</marc:subfield>
    </marc:datafield>
    <marc:datafield tag="043" ind1=" " ind2=" ">
      <marc:subfield code="a">n-cn---</marc:subfield>
    </marc:datafield>
    <marc:datafield tag="086" ind1="1" ind2=" ">
      <marc:subfield code="a">FB3-2/98-13F-PDF</marc:subfield>
    </marc:datafield>
    <marc:datafield tag="110" ind1="2" ind2=" ">
      <marc:subfield code="a">Banque du Canada.</marc:subfield>
    </marc:datafield>
    <marc:datafield tag="245" ind1="1" ind2="3">
      <marc:subfield code="a">Le PIB potentiel des États-Unis et ses déterminants : </marc:subfield>
      <marc:subfield code="h">[ressource électronique]</marc:subfield>
      <marc:subfield code="b">la productivité de la main-d'oeuvre et le taux d'activité / </marc:subfield>
      <marc:subfield code="c">[par] René Lalonde. </marc:subfield>
    </marc:datafield>
    <marc:datafield tag="260" ind1=" " ind2=" ">
      <marc:subfield code="a">Ottawa - Ontario : </marc:subfield>
      <marc:subfield code="b">Banque du Canada </marc:subfield>
      <marc:subfield code="c">Août 1998.</marc:subfield>
    </marc:datafield>
    <marc:datafield tag="300" ind1=" " ind2=" ">
      <marc:subfield code="a">43p.</marc:subfield>
      <marc:subfield code="b">graphiques, tableaux</marc:subfield>
    </marc:datafield>
    <marc:datafield tag="490" ind1="1" ind2=" ">
      <marc:subfield code="a">Banque du Canada - document de travail</marc:subfield>
      <marc:subfield code="x">1701-9419</marc:subfield>
      <marc:subfield code="v">98-13</marc:subfield>
    </marc:datafield>
    <marc:datafield tag="500" ind1=" " ind2=" ">
      <marc:subfield code="a">«Dans cette étude, l'auteur vise principalement trois objectifs. Premièrement, il cherche à savoir si la bonne tenue de l'économie américaine observée ces dernières années est imputable à une poussée du PIB potentiel. Deuxièmement, il tente de déterminer quelles sont les variables reliés à l'offre globale dont la tendance pourrait expliquer l'évolution du potentiel de l'économie. Finalement, l'auteur tente d'observer si, au cours des dernières années, l'économie américaine était, malgré tout, en situation de demande excédentaire.»--Résumé.</marc:subfield>
    </marc:datafield>
    <marc:datafield tag="500" ind1=" " ind2=" ">
      <marc:subfield code="a">L'ISBN (0-662-83118-7) et l'ISSN (1192-5434) de l'édition imprimée ont été incorrectement copiés dans l'édition électronique.</marc:subfield>
    </marc:datafield>
    <marc:datafield tag="504" ind1=" " ind2=" ">
      <marc:subfield code="a">Bibliographie.</marc:subfield>
    </marc:datafield>
    <marc:datafield tag="520" ind1="3" ind2=" ">
      <marc:subfield code="a">Dans cette étude, l'auteur vise principalement trois objectifs. Premièrement, il cherche à savoir si la bonne tenue de l'économie américaine observée ces dernières années est imputable à une poussée du PIB potentiel. Deuxièmement, il tente de déterminer quelles sont les variables reliés à l'offre globale dont la tendance pourrait expliquer l'évolution du potentiel de l'économie. Finalement, l'auteur tente d'observer si, au cours des dernières années, l'économie américaine était, malgré tout, en situation de demande excédentaire.--Résumé</marc:subfield>
    </marc:datafield>
    <marc:datafield tag="546" ind1=" " ind2=" ">
      <marc:subfield code="a">Abstract in English.</marc:subfield>
    </marc:datafield>
    <marc:datafield tag="590" ind1=" " ind2=" ">
      <marc:subfield code="a">11-19-Supp</marc:subfield>
      <marc:subfield code="b">2011-09-23</marc:subfield>
    </marc:datafield>
    <marc:datafield tag="720" ind1="1" ind2=" ">
      <marc:subfield code="a">Lalonde, René</marc:subfield>
    </marc:datafield>
    <marc:datafield tag="776" ind1="0" ind2="#">
      <marc:subfield code="t">Le PIB potentiel des États-Unis et ses déterminants : </marc:subfield>
      <marc:subfield code="w">(CaOODSP)9.624834</marc:subfield>
    </marc:datafield>
    <marc:datafield tag="830" ind1="#" ind2="0">
      <marc:subfield code="a">Document de travail (Banque du Canada)</marc:subfield>
      <marc:subfield code="x">1701-9419</marc:subfield>
      <marc:subfield code="v">98-13</marc:subfield>
      <marc:subfield code="w">(CaOODSP)9.501087</marc:subfield>
    </marc:datafield>
    <marc:datafield tag="856" ind1="4" ind2="0">
      <marc:subfield code="a">http://publications.gc.ca</marc:subfield>
      <marc:subfield code="q">PDF</marc:subfield>
      <marc:subfield code="s">213 Ko</marc:subfield>
      <marc:subfield code="u">https://publications.gc.ca/collections/Collection/FB3-2-98-13F.pdf</marc:subfield>
      <marc:subfield code="y">98-13</marc:subfield>
    </marc:datafield>
  </marc:record>
</marc:collection>
